| 000 | 00717nas a22002171i#4500 | ||
|---|---|---|---|
| 001 | 223 | ||
| 003 | ES-MaACL | ||
| 005 | 20250814062531.0 | ||
| 008 | 950801q19009999ag | | 1 ||pa d | ||
| 080 | _a5 | ||
| 110 | 2 |
_aUniversidad Nacional de La Plata. _bFacultad de Ciencias Fisicomatemáticas Puras y Aplicadas. _9152924 |
|
| 245 | 1 | 0 | _aAnuario Universidad Nacional de La Plata. |
| 260 |
_aLa Plata : _bFacultad de Ciencias Fisicomatemáticas Puras y Aplicadas, _c[19--] |
||
| 300 |
_a1 vol. ; _c26 cm. |
||
| 362 | 1 | _a[19--] | |
| 650 | 4 |
_aInstituciones científicas y diversas _913829 |
|
| 650 | 0 | 7 |
_aCiencias _2embne _910971 |
| 852 |
_aES-MaACL _j1601-F-17 |
||
| 866 | 1 | _o1923. | |
| 999 |
_c223 _d223 |
||